[Event "Porto Carras Summer Cup"]
[Site "Porto Carras"]
[Date "2009.07.19"]
[Round "2.1"]
[White "Radchenko, Michail"]
[Black "Kutirov, Rolando"]
[Result "0-1"]
[WhiteElo "1954"]
[BlackElo "2360"]
[PlyCount "58"]
[EventDate "2009.??.??"]

1. e4 c6 2. d4 d5 3. f3 g6 4. Be3 dxe4 5. fxe4 Nf6 6. Nc3 Ng4 7. Bf4 e5 8. dxe5
Qa5 9. Be2 Nxe5 10. Bxe5 Qxe5 11. Nf3 Qc5 12. Qd2 Be6 13. Nd4 Nd7 14. Nxe6 fxe6
15. O-O-O O-O-O 16. Kb1 Bg7 17. Na4 Qe5 18. Qb4 Kc7 19. Rhe1 Rhe8 20. Bg4 a5
21. Qa3 b5 22. Rxd7+ Kxd7 23. Nc5+ Kc8 24. Nd3 Qc7 25. Nc5 Bf8 26. Bxe6+ Rxe6
27. Nxe6 Qd7 28. Qxf8 Rxf8 29. Nxf8 Qf7 0-1

[Event "Porto Carras Summer Cup"]
[Site "Porto Carras"]
[Date "2009.07.19"]
[Round "2.3"]
[White "Giordos, Vasilios"]
[Black "Hadzimanolis, Antonios"]
[Result "0-1"]
[WhiteElo "1949"]
[BlackElo "2296"]
[PlyCount "67"]
[EventDate "2009.??.??"]

1. e4 e5 2. Nf3 Nc6 3. Bb5 a6 4. Ba4 Nf6 5. O-O b5 6. Bb3 Be7 7. Re1 O-O 8. a4
Bb7 9. c3 d6 10. d4 Na5 11. Bc2 Nd7 12. Nbd2 c5 13. Nf1 cxd4 14. cxd4 Qc7 15.
Ne3 Nb6 16. axb5 axb5 17. d5 Nac4 18. Rxa8 Rxa8 19. Nxc4 bxc4 20. Be3 Nd7 21.
Qd2 Ra2 22. Bb1 Ra1 23. Bc2 Ra2 24. Bb1 Ra1 25. Bc2 Qa5 26. Bb1 f5 27. exf5
Bxd5 28. Qxa5 Rxa5 29. Bd2 Rb5 30. Bc3 Nc5 31. Nd2 Na4 32. Bc2 Nxc3 33. bxc3
Rb2 34. Rc1 0-1

[Event "Porto Carras Summer Cup"]
[Site "Porto Carras"]
[Date "2009.07.19"]
[Round "2.4"]
[White "Nikolaidis, Konstantinos"]
[Black "Marianidis, Dimitrios"]
[Result "1-0"]
[WhiteElo "2270"]
[BlackElo "1850"]
[PlyCount "45"]
[EventDate "2009.??.??"]

1. d4 Nf6 2. c4 g6 3. Nc3 Bg7 4. Nf3 d6 5. g3 O-O 6. Bg2 c6 7. O-O Na6 8. h3
Nc7 9. e4 Nfe8 10. Be3 Bd7 11. Qd2 Qc8 12. Kh2 f5 13. exf5 Rxf5 14. g4 Rf8 15.
Ng5 h6 16. Nge4 Kh7 17. Ng3 Nf6 18. d5 c5 19. a4 a6 20. a5 Bxg4 21. hxg4 Nxg4+
22. Kg1 Ne5 23. Qe2 1-0

[Event "Porto Carras Summer Cup"]
[Site "Porto Carras"]
[Date "2009.07.19"]
[Round "2.5"]
[White "Sideris, Giorgos"]
[Black "Andreou, Andreas"]
[Result "1/2-1/2"]
[WhiteElo "1910"]
[BlackElo "2214"]
[PlyCount "42"]
[EventDate "2009.??.??"]

1. e4 c5 2. Nc3 g6 3. g3 Bg7 4. Bg2 Nc6 5. d3 Rb8 6. Be3 d6 7. Qd2 b5 8. Nge2
Nd4 9. O-O e6 10. Nd1 b4 11. Nc1 Ne7 12. c3 bxc3 13. bxc3 Ndc6 14. Bh6 O-O 15.
Bxg7 Kxg7 16. Ne3 Bd7 17. Ne2 Qc7 18. Rfd1 Rfd8 19. d4 cxd4 20. cxd4 Qa5 21.
Rac1 Bc8 1/2-1/2

[Event "Porto Carras Summer Cup"]
[Site "Porto Carras"]
[Date "2009.07.19"]
[Round "2.6"]
[White "Karlovich, Anastazia"]
[Black "Tompros, Andreas-Hristos"]
[Result "1-0"]
[WhiteElo "2211"]
[BlackElo "1812"]
[PlyCount "47"]
[EventDate "2009.??.??"]

1. e4 e6 2. d4 d5 3. Nc3 Nf6 4. Bg5 dxe4 5. Nxe4 Nbd7 6. Bd3 Be7 7. Bxf6 Bxf6
8. Nf3 O-O 9. Qe2 c5 10. O-O-O cxd4 11. h4 b5 12. Neg5 g6 13. Qe4 Rb8 14. Nxh7
Kxh7 15. h5 Nc5 16. hxg6+ Kg8 17. Qg4 Nxd3+ 18. Rxd3 Rb7 19. Nxd4 Qd5 20. Rh5
Qxa2 21. g7 Bxg7 22. Rdh3 f6 23. Qg6 Qa1+ 24. Kd2 1-0

[Event "Porto Carras Summer Cup"]
[Site "Porto Carras"]
[Date "2009.07.19"]
[Round "2.7"]
[White "Antoniadis, Konstantinos"]
[Black "Gamback, Bjorn"]
[Result "0-1"]
[WhiteElo "1824"]
[BlackElo "2182"]
[PlyCount "90"]
[EventDate "2009.??.??"]

1. c4 c5 2. Nc3 Nf6 3. g3 e6 4. e4 b6 5. Bg2 Bb7 6. Nge2 a6 7. O-O Qc7 8. b3 d6
9. Bb2 Nbd7 10. Qc2 Be7 11. f4 Rc8 12. Bh3 h5 13. Nd1 Bxe4 14. d3 Ba8 15. Ne3
Qb7 16. Bg2 Qb8 17. Bh3 b5 18. Rf2 Qb7 19. Bg2 Qb6 20. Bh3 Nb8 21. f5 e5 22.
Nc3 Nc6 23. Ncd5 Qb8 24. Nxf6+ Bxf6 25. Nd5 Nd4 26. Nxf6+ gxf6 27. Bxd4 cxd4
28. Bg2 Ke7 29. Qe2 h4 30. Be4 hxg3 31. hxg3 Rcg8 32. Rg2 Rh3 33. Kf2 bxc4 34.
bxc4 Bxe4 35. dxe4 Qb4 36. Rc1 Rhxg3 37. Rxg3 Rxg3 38. Kxg3 Qa3+ 39. Kg2 Qxc1
40. c5 Qxc5 41. Qxa6 Qc2+ 42. Kf3 d3 43. Qb7+ Kf8 44. Qb3 Qe2+ 45. Kg3 d2 0-1

[Event "Porto Carras Summer Cup"]
[Site "Porto Carras"]
[Date "2009.07.19"]
[Round "2.8"]
[White "Pavlidou, Ekaterini"]
[Black "Balint, Daniel"]
[Result "1-0"]
[WhiteElo "2179"]
[BlackElo "1786"]
[PlyCount "93"]
[EventDate "2009.??.??"]

1. d4 d5 2. c4 e6 3. Nc3 Nf6 4. Bg5 Be7 5. e3 O-O 6. Nf3 Nbd7 7. Bd3 dxc4 8.
Bxc4 c5 9. O-O a6 10. a4 b6 11. Qe2 Bb7 12. Rfd1 Qc7 13. Rac1 Rfc8 14. Ba2 Qd8
15. Bb1 Nd5 16. Bxe7 Qxe7 17. Qd3 N7f6 18. Ne4 Nxe4 19. Qxe4 Nf6 20. Qh4 Bxf3
21. gxf3 cxd4 22. Bxh7+ Kf8 23. Be4 dxe3 24. Bxa8 exf2+ 25. Qxf2 Rxa8 26. Qxb6
Nd5 27. Qc5 Rb8 28. Qc8+ Qd8 29. Qxd8+ Rxd8 30. Rc6 Rb8 31. Rd2 Ra8 32. Rdc2
Ke7 33. Kf2 Kf6 34. R2c4 Rb8 35. Rxa6 Rxb2+ 36. Kg1 Rb3 37. Rc1 Rxf3 38. Rf1
Rxf1+ 39. Kxf1 g5 40. Ra7 Kg6 41. a5 f5 42. a6 f4 43. Rb7 Kf5 44. a7 Ne3+ 45.
Kg1 e5 46. a8=Q e4 47. Rb5+ 1-0

[Event "Porto Carras Summer Cup"]
[Site "Porto Carras"]
[Date "2009.07.19"]
[Round "3.1"]
[White "Kutirov, Rolando"]
[Black "Jevtic, Miroljub"]
[Result "1/2-1/2"]
[WhiteElo "2360"]
[BlackElo "2164"]
[PlyCount "120"]
[EventDate "2009.??.??"]

1. c4 Nf6 2. g3 c6 3. Bg2 d5 4. cxd5 cxd5 5. Nf3 Nc6 6. O-O e6 7. b3 g6 8. Bb2
Bg7 9. d3 O-O 10. Nbd2 Re8 11. Rc1 a5 12. Ne5 Nxe5 13. Bxe5 Bd7 14. Qc2 Bc6 15.
Nf3 Qe7 16. Qb2 Rec8 17. a3 Ne8 18. Bxg7 Nxg7 19. Rc2 f6 20. Rfc1 Ne8 21. Nd4
Bd7 22. e3 Rxc2 23. Rxc2 Rc8 24. Rxc8 Bxc8 25. Qc3 Qc7 26. Nb5 Qxc3 27. Nxc3
Nd6 28. d4 Bd7 29. Bf1 Kf7 30. Bd3 f5 31. f3 h6 32. Kf2 g5 33. Ke1 Kf6 34. Kd2
Be8 35. Be2 Bc6 36. b4 axb4 37. axb4 Nc4+ 38. Bxc4 dxc4 39. e4 b5 40. d5 Be8
41. Ke3 e5 42. exf5 Kxf5 43. Ne4 Bf7 44. Nd6+ Kf6 45. Nxb5 Bxd5 46. Nc3 Bb7 47.
Na4 Ke7 48. h4 Kd6 49. hxg5 hxg5 50. Nc3 Bc6 51. Nb1 Ke6 52. Nd2 c3 53. Ne4 c2
54. Kd2 g4 55. Kxc2 gxf3 56. Nf2 e4 57. Kd2 Kd5 58. Ke3 Kc4 59. g4 Bd7 60. Kxe4
Bxg4 1/2-1/2

[Event "Porto Carras Summer Cup"]
[Site "Porto Carras"]
[Date "2009.07.19"]
[Round "3.2"]
[White "Hrisanthopoulos, Dimitrios"]
[Black "Pavlidis, Anastasios"]
[Result "0-1"]
[WhiteElo "2128"]
[BlackElo "2348"]
[PlyCount "38"]
[EventDate "2009.??.??"]

1. e4 c5 2. Nf3 d6 3. d4 cxd4 4. Nxd4 Nf6 5. Nc3 a6 6. Rg1 e5 7. Nb3 Be6 8. g4
h6 9. Be3 Nc6 10. h4 d5 11. exd5 Nxd5 12. Nxd5 Bxd5 13. Qe2 Qf6 14. g5 hxg5 15.
hxg5 Qf5 16. a3 Rh4 17. g6 f6 18. Qd2 Bxb3 19. cxb3 Nd4 $138 0-1

[Event "Porto Carras Summer Cup"]
[Site "Porto Carras"]
[Date "2009.07.19"]
[Round "3.3"]
[White "Hadzimanolis, Antonios"]
[Black "Xaxiris, E."]
[Result "1-0"]
[WhiteElo "2296"]
[BlackElo "2035"]
[PlyCount "115"]
[EventDate "2009.??.??"]

1. e4 c6 2. d4 d5 3. exd5 cxd5 4. Bd3 Nc6 5. c3 g6 6. h3 Nh6 7. Nf3 f6 8. O-O
Nf7 9. Re1 Bg7 10. b4 O-O 11. b5 Na5 12. Ba3 Re8 13. Nbd2 e5 14. dxe5 fxe5 15.
Bf1 Bd7 16. Bb4 e4 17. Nd4 Rc8 18. Qa4 b6 19. Rad1 Qc7 20. Bxa5 bxa5 21. N2b3
e3 22. Rxe3 Rxe3 23. fxe3 Qg3 24. Kh1 Qxe3 25. Nxa5 Rxc3 26. Nac6 Ra3 27. Qc2
Rc3 28. Ne7+ Kf8 29. Nxd5 Rxc2 30. Nxe3 Rxa2 31. Bc4 Ra4 32. Nc6 Bc8 33. Rf1
Ra1 34. Nd1 Bf5 35. g4 Nd6 36. gxf5 Nxc4 37. fxg6+ Ke8 38. gxh7 Ra3 39. Kg2 Nd6
40. Rf3 Ra2+ 41. Kg3 Nxb5 42. Ne3 Nd6 43. Ng4 Kd7 44. Nce5+ Ke6 45. Ng6 Nf7 46.
Re3+ Kf5 47. Ne7+ Kg5 48. h4+ Kh5 49. Rf3 Nd6 50. Rd3 Ne4+ 51. Kf4 Nf6 52.
Nxf6+ Bxf6 53. Rd6 Bc3 54. Nf5 Rf2+ 55. Ke4 a5 56. Rh6+ Kg4 57. Rg6+ Kh3 58.
Rg3+ 1-0

[Event "Porto Carras Summer Cup"]
[Site "Porto Carras"]
[Date "2009.07.19"]
[Round "3.4"]
[White "Spiropoulos, Panagiotis I"]
[Black "Nikolaidis, Konstantinos"]
[Result "1/2-1/2"]
[WhiteElo "2114"]
[BlackElo "2270"]
[PlyCount "71"]
[EventDate "2009.??.??"]

1. e4 c6 2. d4 d5 3. Nc3 dxe4 4. Nxe4 Bf5 5. Ng3 Bg6 6. h4 h6 7. Nf3 Nd7 8. h5
Bh7 9. Bd3 Bxd3 10. Qxd3 e6 11. Bf4 Qa5+ 12. Bd2 Bb4 13. c3 Be7 14. c4 Qc7 15.
O-O-O Ngf6 16. Kb1 O-O 17. Qc2 Rfc8 18. Bc1 b5 19. c5 Nd5 20. Ne4 f5 21. Nc3
N5f6 22. Rde1 Nf8 23. Ne2 Nd5 24. g4 fxg4 25. Ne5 Nf6 26. Reg1 Rd8 27. Bf4 Qc8
28. f3 Rd5 29. fxg4 N6h7 30. g5 Nxg5 31. Bxg5 Bxg5 32. Rxg5 hxg5 33. h6 Rxe5
34. dxe5 Qe8 35. hxg7 Kxg7 36. Ng3 1/2-1/2

[Event "Porto Carras Summer Cup"]
[Site "Porto Carras"]
[Date "2009.07.19"]
[Round "3.6"]
[White "Gamback, Bjorn"]
[Black "Koroteeva, Ksenia"]
[Result "1/2-1/2"]
[WhiteElo "2182"]
[BlackElo "1970"]
[PlyCount "73"]
[EventDate "2009.??.??"]

1. Nf3 Nf6 2. c4 g6 3. b4 Bg7 4. Bb2 d6 5. e3 O-O 6. Be2 e5 7. d3 a6 8. Nbd2
Ne8 9. Qc2 Nc6 10. a3 f5 11. b5 Nb8 12. c5 Be6 13. bxa6 Nxa6 14. cxd6 cxd6 15.
Rc1 g5 16. h4 h6 17. hxg5 hxg5 18. d4 Rc8 19. Qb1 Rxc1+ 20. Qxc1 e4 21. Ng1 d5
22. Bd1 f4 23. Ne2 Qf6 24. Rf1 Nd6 25. Bb3 Nf7 26. Nc3 Qf5 27. Kd1 Nh6 28. Kc2
Bxd4 29. Kb1 Bg7 30. Na4 Re8 31. Qd1 b5 32. Bxg7 bxa4 33. Bxh6 axb3 34. Qh5 d4
35. Qxg5+ Qxg5 36. Bxg5 dxe3 37. fxe3 1/2-1/2

[Event "Porto Carras Summer Cup"]
[Site "Porto Carras"]
[Date "2009.07.19"]
[Round "3.7"]
[White "Mastrakoulis, Dim"]
[Black "Pavlidou, Ekaterini"]
[Result "0-1"]
[WhiteElo "1792"]
[BlackElo "2179"]
[PlyCount "84"]
[EventDate "2009.??.??"]

1. e4 c5 2. c3 d5 3. exd5 Qxd5 4. Nf3 Nf6 5. d4 e6 6. Bb5+ Bd7 7. Bxd7+ Nbxd7
8. O-O Bd6 9. c4 Qxc4 10. Na3 Qa6 11. dxc5 Bxc5 12. Nc2 O-O 13. b4 Be7 14. a4
Qd6 15. Qe2 Rac8 16. Be3 Nd5 17. Nfd4 a6 18. Ra3 Bf6 19. Bd2 Bxd4 20. Nxd4 Nxb4
21. Rg3 Qxd4 22. Rd1 Rc2 23. Bxb4 Rxe2 24. Rxd4 Rb2 25. h3 Re8 26. Bc3 Rb1+ 27.
Kh2 Nf6 28. Rc4 Rb3 29. Rxg7+ Kxg7 30. Rg4+ Kf8 31. Bxf6 Rc8 32. Rh4 Ke8 33.
Rxh7 Rc2 34. h4 Rxf2 35. Rh8+ Kd7 36. Rh6 Ra3 37. Bd4 Rd2 38. Bg1 Raa2 39. Rh7
Rxg2+ 40. Kh1 Rg4 41. Rxf7+ Ke8 42. Rh7 Ra1 0-1

[Event "Porto Carras Summer Cup"]
[Site "Porto Carras"]
[Date "2009.07.19"]
[Round "3.8"]
[White "Andreou, Andreas"]
[Black "Vakalis, Angelos"]
[Result "1-0"]
[WhiteElo "2214"]
[BlackElo "1597"]
[PlyCount "77"]
[EventDate "2009.??.??"]

1. e4 c5 2. Nf3 e6 3. d3 Nc6 4. g3 a6 5. a4 d5 6. Nbd2 Qa5 7. Bg2 Nf6 8. O-O
Be7 9. Re1 O-O 10. e5 Nd7 11. Nf1 b5 12. Bd2 b4 13. h4 Qc7 14. Bf4 a5 15. h5
Ba6 16. h6 g6 17. Ne3 Kh8 18. Nxd5 exd5 19. e6 Bd6 20. Bxd6 Qxd6 21. exd7 Qxd7
22. Ne5 Nxe5 23. Rxe5 Bb7 24. Qe2 Bc6 25. b3 Kg8 26. Re1 Qd6 27. Re7 Qf6 28.
Qe5 Qxe5 29. R1xe5 Rfd8 30. Rc7 Ra6 31. Bxd5 Bxd5 32. Rxd5 Re8 33. Re5 Rd8 34.
Rcxc5 Rda8 35. f4 R6a7 36. Kf2 Ra6 37. Re7 Rf8 38. Rcc7 Raa8 39. Ke3 1-0

[Event "Porto Carras Summer Cup"]
[Site "Porto Carras"]
[Date "2009.07.20"]
[Round "4.1"]
[White "Pavlidis, Anastasios"]
[Black "Hadzimanolis, Antonios"]
[Result "0-1"]
[WhiteElo "2348"]
[BlackElo "2296"]
[PlyCount "88"]
[EventDate "2009.??.??"]

1. d4 d5 2. c4 c6 3. Nf3 Nf6 4. Nc3 e6 5. Bg5 Be7 6. e3 O-O 7. Qc2 Nbd7 8. Rd1
Re8 9. Be2 dxc4 10. Bxc4 Nd5 11. Bxe7 Qxe7 12. O-O Nxc3 13. Qxc3 b6 14. e4 Bb7
15. e5 Rac8 16. Qd3 c5 17. Ba6 cxd4 18. Bxb7 Nc5 19. Qa3 Qxb7 20. Nxd4 a6 21.
b4 Ne4 22. Rd3 Rc4 23. Rfd1 Qc7 24. Qa4 Rf8 25. Qxa6 Rxb4 26. Qa3 Qc5 27. Rc1
Rc8 28. Ne2 Qxf2+ 29. Kh1 Rbc4 30. Rcd1 h6 31. Ng3 Rc2 32. Rg1 Ng5 33. Rdd1 Nh3
34. Ne4 Qf4 35. Nf6+ Qxf6 36. Qxh3 Qxe5 37. Rde1 Qd5 38. Qe3 Rxa2 39. Rd1 Qc5
40. Qf4 Qg5 41. Qd4 b5 42. Qd7 Rcc2 43. Qb7 Rd2 44. Rdf1 Qg6 0-1

[Event "Porto Carras Summer Cup"]
[Site "Porto Carras"]
[Date "2009.07.20"]
[Round "4.2"]
[White "Pavlidou, Ekaterini"]
[Black "Kutirov, Rolando"]
[Result "1-0"]
[WhiteElo "2179"]
[BlackElo "2360"]
[PlyCount "69"]
[EventDate "2009.??.??"]

1. d4 d5 2. c4 c6 3. Nf3 Nf6 4. Nc3 e6 5. Bg5 h6 6. Bxf6 Qxf6 7. e3 Nd7 8. Bd3
dxc4 9. Bxc4 g6 10. O-O Bg7 11. e4 e5 12. d5 O-O 13. Rc1 Nb6 14. Bb3 Rd8 15.
Qe2 cxd5 16. Nxd5 Nxd5 17. Bxd5 Rb8 18. Rc7 Be6 19. Bxe6 Qxe6 20. b3 Rd7 21.
Rfc1 Rbd8 22. h3 Qb6 23. Rxd7 Rxd7 24. Rc8+ Kh7 25. Qc2 a6 26. h4 Qe6 27. Rb8
Bf6 28. Qc8 Bd8 29. Kh2 Qe7 30. g3 Kg7 31. Kg2 a5 32. Qc3 Kf6 33. Qc8 b6 34.
Rxb6+ Bxb6 35. Qh8+ 1-0

[Event "Porto Carras Summer Cup"]
[Site "Porto Carras"]
[Date "2009.07.20"]
[Round "4.3"]
[White "Nikolaidis, Konstantinos"]
[Black "Csonka, Balazs"]
[Result "1/2-1/2"]
[WhiteElo "2270"]
[BlackElo "2062"]
[PlyCount "66"]
[EventDate "2009.??.??"]

1. d4 Nf6 2. c4 c5 3. d5 b5 4. Nf3 d6 5. cxb5 a6 6. e3 g6 7. Nc3 Bg7 8. a4 O-O
9. Ra3 Bb7 10. Be2 axb5 11. Bxb5 Na6 12. O-O Nc7 13. Bc4 Ba6 14. Bxa6 Rxa6 15.
e4 Qa8 16. Re1 Rb8 17. Qc2 Nd7 18. b3 Nb6 19. Nd2 Ra5 20. Bb2 Na6 21. Nd1 Nb4
22. Qb1 c4 23. Nxc4 Nxc4 24. bxc4 Rxa4 25. Rxa4 Qxa4 26. Bxg7 Kxg7 27. Ne3 Na6
28. Qc1 Nc5 29. f3 Rb3 30. Ng4 Qb4 31. Rf1 h5 32. Qh6+ Kg8 33. Nf2 Rb1 1/2-1/2

[Event "Porto Carras Summer Cup"]
[Site "Porto Carras"]
[Date "2009.07.20"]
[Round "4.4"]
[White "Mattsson, Michael"]
[Black "Andreou, Andreas"]
[Result "0-1"]
[WhiteElo "2116"]
[BlackElo "2214"]
[PlyCount "62"]
[EventDate "2009.??.??"]

1. e4 c5 2. Nf3 d6 3. d4 cxd4 4. Nxd4 Nf6 5. Nc3 a6 6. Be2 e5 7. Nb3 Be7 8. Qd3
Be6 9. Qg3 O-O 10. Bh6 Ne8 11. h4 Kh8 12. Bg5 Nd7 13. Rd1 Rc8 14. Bg4 Nc5 15.
Nxc5 Rxc5 16. Bxe6 fxe6 17. Qg4 Nc7 18. Rd3 b5 19. Rg3 Rf7 20. Qe2 Qe8 21. h5
Bxg5 22. Rxg5 Qc6 23. h6 g6 24. a3 a5 25. Qg4 b4 26. Rxg6 hxg6 27. Qxg6 Qe8 28.
h7 bxc3 29. b4 axb4 30. Rh3 Rg7 31. Qf6 Qe7 0-1

[Event "Porto Carras Summer Cup"]
[Site "Porto Carras"]
[Date "2009.07.20"]
[Round "4.6"]
[White "Soultatis, Kostas"]
[Black "Gamback, Bjorn"]
[Result "0-1"]
[WhiteElo "2080"]
[BlackElo "2182"]
[PlyCount "58"]
[EventDate "2009.??.??"]

1. d4 d5 2. c4 e6 3. Nc3 c5 4. cxd5 exd5 5. Nf3 Nc6 6. g3 c4 7. Bg2 Bb4 8. O-O
Nge7 9. e4 O-O 10. a3 Bxc3 11. bxc3 h6 12. Ne5 Be6 13. Nxc6 Nxc6 14. Qh5 Ne7
15. Rb1 Qd7 16. a4 Rfe8 17. Rb5 a6 18. Rb6 Bg4 19. Qe5 Rad8 20. Qf4 Nc8 21. Rb4
dxe4 22. Rxc4 Nd6 23. Rb4 Be2 24. Re1 Bd3 25. Bd2 g5 26. Qe3 a5 27. Bxe4 Rxe4
28. Qxd3 Rxe1+ 29. Bxe1 axb4 0-1

[Event "Porto Carras Summer Cup"]
[Site "Porto Carras"]
[Date "2009.07.21"]
[Round "5.1"]
[White "Hadzimanolis, Antonios"]
[Black "Pavlidou, Ekaterini"]
[Result "1/2-1/2"]
[WhiteElo "2296"]
[BlackElo "2179"]
[PlyCount "39"]
[EventDate "2009.??.??"]

1. e4 c5 2. c3 d5 3. exd5 Qxd5 4. d4 Nf6 5. Nf3 e6 6. a3 b6 7. Be2 Bb7 8. c4
Qd8 9. O-O Be7 10. dxc5 Qxd1 11. Rxd1 bxc5 12. Nc3 a6 13. Bf4 Nc6 14. Na4 Nd7
15. Rxd7 Kxd7 16. Nb6+ Ke8 17. Nxa8 Bxa8 18. Rd1 f6 19. Be3 e5 20. Ne1 1/2-1/2

[Event "Porto Carras Summer Cup"]
[Site "Porto Carras"]
[Date "2009.07.21"]
[Round "5.2"]
[White "Andreou, Andreas"]
[Black "Jevtic, Miroljub"]
[Result "1-0"]
[WhiteElo "2214"]
[BlackElo "2164"]
[PlyCount "57"]
[EventDate "2009.??.??"]

1. e4 e5 2. f4 exf4 3. Nf3 Nf6 4. e5 Nh5 5. d4 d5 6. c4 g5 7. Be2 g4 8. O-O Rg8
9. Nc3 Be6 10. Ne1 f3 11. Nxf3 gxf3 12. Bxf3 Ng7 13. cxd5 Bc8 14. Be4 Qh4 15.
Rf4 Qh5 16. Bf3 Qg6 17. Be4 Bf5 18. Qf3 Bxe4 19. Nxe4 Rh8 20. Nf6+ Kd8 21. Be3
h5 22. Ne4 Ke8 23. Rf1 Nd7 24. Rxf7 Be7 25. e6 Nb6 26. Rxe7+ Kd8 27. Bg5 Kc8
28. Qf8+ Ne8 29. Qxh8 1-0

[Event "Porto Carras Summer Cup"]
[Site "Porto Carras"]
[Date "2009.07.21"]
[Round "5.4"]
[White "Radchenko, Michail"]
[Black "Nikolaidis, Konstantinos"]
[Result "0-1"]
[WhiteElo "1954"]
[BlackElo "2270"]
[PlyCount "90"]
[EventDate "2009.??.??"]

1. e4 c6 2. d4 d5 3. f3 dxe4 4. fxe4 e5 5. Nf3 Bg4 6. Bc4 Nd7 7. O-O Ngf6 8.
Bg5 Bd6 9. Bxf6 Nxf6 10. Kh1 Bxf3 11. Qxf3 O-O 12. d5 cxd5 13. Bxd5 Nxd5 14.
exd5 f5 15. c4 Qh4 16. Nd2 e4 17. g3 Qh6 18. Qg2 Rac8 19. b3 Rce8 20. g4 f4 21.
Nxe4 f3 22. Rxf3 Rxe4 23. Rxf8+ Kxf8 24. c5 Rxg4 25. Rf1+ Bf4 26. Qe2 Rh4 27.
Rf2 Qg6 28. d6 Qb1+ 29. Kg2 Rxh2+ 30. Kf3 Rxf2+ 31. Kxf2 Qf5 32. Qe7+ Kg8 33.
Qe8+ Qf8 34. d7 Bc7+ 35. Ke3 g5 36. Qc8 Qd8 37. Kf3 h5 38. b4 Kg7 39. Kg2 a6
40. a4 g4 41. b5 axb5 42. axb5 b6 43. c6 h4 44. Qa6 h3+ 45. Kh1 Qf6 0-1

[Event "Porto Carras Summer Cup"]
[Site "Porto Carras"]
[Date "2009.07.21"]
[Round "5.5"]
[White "Marianidis, Dimitrios"]
[Black "Karlovich, Anastazia"]
[Result "0-1"]
[WhiteElo "1850"]
[BlackElo "2211"]
[PlyCount "30"]
[EventDate "2009.??.??"]

1. e4 e5 2. f4 exf4 3. Nf3 Be7 4. Bc4 Bh4+ 5. g3 fxg3 6. O-O gxh2+ 7. Kh1 d5 8.
Bxd5 Nf6 9. Bxf7+ Kxf7 10. Nxh4 Re8 11. d3 Bh3 12. Rf3 Qd7 13. c3 Qg4 14. Kxh2
Qxh4 15. Rxh3 Ng4+ 0-1

[Event "Porto Carras Summer Cup"]
[Site "Porto Carras"]
[Date "2009.07.21"]
[Round "5.6"]
[White "Naslund, Mikael"]
[Black "Xaxiris, E."]
[Result "1-0"]
[WhiteElo "2170"]
[BlackElo "2035"]
[PlyCount "63"]
[EventDate "2009.??.??"]

1. d4 f5 2. g3 Nf6 3. Bg2 g6 4. Nh3 Bg7 5. c3 d5 6. Nd2 O-O 7. Nf3 Nbd7 8. Nf4
Nb6 9. h4 Ne4 10. h5 g5 11. h6 Bf6 12. Nh5 Qd6 13. Ne5 Nc4 14. f3 Nxg3 15. Nxg3
Nxe5 16. dxe5 Bxe5 17. f4 gxf4 18. Qxd5+ Qxd5 19. Bxd5+ e6 20. Nh5 exd5 21.
Bxf4 Bh8 22. Bxc7 Bd7 23. O-O-O Bc6 24. Bd6 Rfe8 25. Rhg1+ Kf7 26. Ng7 Rxe2 27.
Nxf5 Bf6 28. Bc5 Rh2 29. Rde1 Bh4 30. Nxh4 Rxh4 31. Rg7+ Kf6 32. Be7+ 1-0

[Event "Porto Carras Summer Cup"]
[Site "Porto Carras"]
[Date "2009.07.21"]
[Round "5.7"]
[White "Spiropoulos, Panagiotis I"]
[Black "Giordos, Vasilios"]
[Result "1/2-1/2"]
[WhiteElo "2114"]
[BlackElo "1949"]
[PlyCount "64"]
[EventDate "2009.??.??"]

1. e4 c5 2. Nf3 d6 3. d4 cxd4 4. Nxd4 Nf6 5. Nc3 a6 6. Bg5 e6 7. f4 Qb6 8. Qd2
Nc6 9. O-O-O Qxd4 10. Qxd4 Nxd4 11. Rxd4 Be7 12. Be2 h6 13. Bh4 Bd7 14. e5 dxe5
15. fxe5 Ng8 16. Ne4 Bxh4 17. Nd6+ Ke7 18. Rxh4 Bc6 19. Bf3 Bxf3 20. gxf3 b5
21. c4 f6 22. cxb5 fxe5 23. Rd1 axb5 24. a3 Nf6 25. Nxb5 g5 26. Rc4 Rhc8 27.
Rxc8 Rxc8+ 28. Kd2 e4 29. fxe4 Nxe4+ 30. Ke3 Nf6 31. Rd2 Rc5 32. Nc3 g4 1/2-1/2

[Event "Porto Carras Summer Cup"]
[Site "Porto Carras"]
[Date "2009.07.21"]
[Round "5.8"]
[White "Csonka, Balazs"]
[Black "Antoniadis, Konstantinos"]
[Result "1/2-1/2"]
[WhiteElo "2062"]
[BlackElo "1824"]
[PlyCount "36"]
[EventDate "2009.??.??"]

1. e4 d6 2. d4 Nf6 3. Nc3 g6 4. Bg5 Bg7 5. Qd2 c6 6. f4 Qa5 7. O-O-O h6 8. Bh4
Be6 9. a3 Na6 10. Bxf6 Bxf6 11. e5 dxe5 12. dxe5 Bg7 13. Bxa6 Qxa6 14. Qd3 Qxd3
15. Rxd3 Rd8 16. Rxd8+ Kxd8 17. Nf3 Kc7 18. Ne4 Bc8 1/2-1/2

[Event "Porto Carras Summer Cup"]
[Site "Porto Carras"]
[Date "2009.07.22"]
[Round "6.2"]
[White "Nikolaidis, Konstantinos"]
[Black "Hadzimanolis, Antonios"]
[Result "1/2-1/2"]
[WhiteElo "2270"]
[BlackElo "2296"]
[PlyCount "100"]
[EventDate "2009.??.??"]

1. d4 d5 2. c4 c6 3. Nf3 Nf6 4. e3 e6 5. b3 Bd6 6. Bb2 O-O 7. Bd3 Nbd7 8. Nbd2
Qe7 9. Ne5 Rd8 10. Qc2 Nf8 11. O-O N6d7 12. Rad1 f6 13. Nef3 b6 14. e4 Bb7 15.
Rfe1 Rac8 16. Nf1 Qf7 17. Qb1 Re8 18. Ne3 dxe4 19. Bxe4 Qh5 20. Nf1 f5 21. Bd3
c5 22. Be2 Qg6 23. d5 exd5 24. cxd5 f4 25. Qc1 Nf6 26. Bc4 Rxe1 27. Nxe1 Kh8
28. Qc3 a6 29. a4 N8d7 30. Nf3 Re8 31. h3 Ne5 32. N1h2 Nxc4 33. bxc4 Bc8 34.
Kf1 Bd7 35. Qb3 b5 36. axb5 axb5 37. cxb5 Rb8 38. b6 Qe4 39. Ng5 Qa4 40. Qxa4
Bxa4 41. Rd2 Bb5+ 42. Kg1 Rxb6 43. Ng4 Nxg4 44. hxg4 Kg8 45. Ne4 Bc4 46. Nxd6
Rxd6 47. Ba3 Rxd5 48. Rxd5 Bxd5 49. Bxc5 Kf7 50. f3 g5 1/2-1/2

[Event "Porto Carras Summer Cup"]
[Site "Porto Carras"]
[Date "2009.07.22"]
[Round "6.3"]
[White "Pavlidis, Anastasios"]
[Black "Naslund, Mikael"]
[Result "1-0"]
[WhiteElo "2348"]
[BlackElo "2170"]
[PlyCount "51"]
[EventDate "2009.??.??"]

1. e4 Nf6 2. e5 Nd5 3. d4 d6 4. Nf3 Bg4 5. Be2 c6 6. Nbd2 Nf4 7. Bc4 d5 8. Bf1
e6 9. h3 Bxf3 10. Nxf3 Ng6 11. h4 Be7 12. Ng5 Nf8 13. Qf3 Bxg5 14. Bxg5 Qb6 15.
Qa3 Qc7 16. h5 h6 17. Bh4 a6 18. Qg3 Rg8 19. Bd3 Nbd7 20. O-O c5 21. f4 g5 22.
fxg5 hxg5 23. Bxg5 c4 24. Be2 f6 25. exf6 Qxg3 26. f7# 1-0

[Event "Porto Carras Summer Cup"]
[Site "Porto Carras"]
[Date "2009.07.22"]
[Round "6.4"]
[White "Karlovich, Anastazia"]
[Black "Gamback, Bjorn"]
[Result "1/2-1/2"]
[WhiteElo "2211"]
[BlackElo "2182"]
[PlyCount "35"]
[EventDate "2009.??.??"]

1. e4 c5 2. Nf3 e6 3. b3 b6 4. d4 cxd4 5. Nxd4 Bc5 6. c3 Bb7 7. Bd3 Nc6 8. Nxc6
dxc6 9. O-O Qc7 10. Qe2 Nf6 11. Nd2 Bd6 12. h3 Bh2+ 13. Kh1 Bf4 14. Bb2 Rd8 15.
Nf3 Nd7 16. Rad1 O-O 17. c4 c5 18. Bb1 1/2-1/2

[Event "Porto Carras Summer Cup"]
[Site "Porto Carras"]
[Date "2009.07.22"]
[Round "6.5"]
[White "Jevtic, Miroljub"]
[Black "Koroteeva, Ksenia"]
[Result "0-1"]
[WhiteElo "2164"]
[BlackElo "1970"]
[PlyCount "100"]
[EventDate "2009.??.??"]

1. d4 Nf6 2. Nf3 g6 3. Nbd2 Bg7 4. e4 d6 5. c3 O-O 6. Bd3 e5 7. O-O Nc6 8. Nb3
Re8 9. Re1 a6 10. Bg5 b6 11. Bc4 Bb7 12. Bd5 Qc8 13. Qd2 Nxd5 14. exd5 Ne7 15.
dxe5 dxe5 16. c4 Nf5 17. Qc2 c6 18. dxc6 Qxc6 19. Rad1 Rac8 20. Rc1 a5 21. Be3
a4 22. Nbd2 h6 23. b3 e4 24. bxa4 exf3 25. Nxf3 Ra8 26. c5 Nxe3 27. fxe3 bxc5
28. Qb3 Reb8 29. Rc2 Qxa4 30. Qxa4 Rxa4 31. Rb1 Rb4 32. Rbc1 Bxf3 33. gxf3 Bf8
34. Kf2 Ra8 35. Rd1 c4 36. Rd7 Bg7 37. e4 Rb2 38. Rxb2 Bxb2 39. Rc7 Bd4+ 40.
Ke1 c3 41. Rc4 Be5 42. a4 Bxh2 43. Ke2 Be5 44. Ke3 g5 45. Kd3 Rd8+ 46. Kc2 Rd2+
47. Kc1 Bf4 48. Kb1 Rb2+ 49. Ka1 Be5 50. Rc5 c2 0-1